|
|
|
|
| LEADER |
00000nab a2200000 4500 |
| 001 |
vtls011905868 |
| 003 |
SK-MaSNL |
| 005 |
20260304235648.0 |
| 008 |
191209|2019 xo ||||||||||||00 ||slo| |
| 038 |
|
|
|a PPPK
|
| 040 |
|
|
|a PPPKCL
|b slo
|e rda
|
| 041 |
0 |
|
|a slo
|
| 043 |
|
|
|a e-xo---
|
| 044 |
|
|
|a xo
|c SK
|
| 072 |
|
7 |
|a 929
|x Biografie
|2 konspekt
|
| 080 |
|
|
|a 929-058.1
|2 2011
|
| 080 |
|
|
|a 796.524-051
|2 2011
|
| 080 |
|
|
|a 616-051
|2 2011
|
| 080 |
|
|
|a 621
|2 2011
|
| 110 |
2 |
|
|a Podtatranská knižnica (Poprad, Slovensko)
|4 aut
|9 32800
|
| 245 |
0 |
0 |
|a Historický kalendár
|c Pripravené v spolupráci s Podtatranskou knižnicou v Poprade
|
| 336 |
|
|
|a text
|b txt
|2 rdacontent
|
| 337 |
|
|
|a bez média
|b n
|2 rdamedia
|
| 338 |
|
|
|a zväzok
|b nc
|2 rdacarrier
|
| 600 |
1 |
7 |
|a Franz, Ján,
|d 1863-1939
|2 SNK
|9 1573439
|
| 600 |
1 |
7 |
|a Jakubóci, Milan,
|d 1914-1996
|2 SNK
|9 1573440
|
| 600 |
1 |
7 |
|a Haláth, Daniel,
|d 1879-?
|2 SNK
|9 1034102
|
| 650 |
0 |
7 |
|a osobnosti
|2 SNKPH
|9 29820
|
| 650 |
0 |
7 |
|a významní muži
|2 SNKPH
|9 106011
|
| 650 |
0 |
7 |
|a horskí vodcovia
|2 SNKPH
|9 70065
|
| 650 |
0 |
7 |
|a lekári
|2 SNKPH
|9 3195
|
| 650 |
0 |
7 |
|a strojárstvo
|2 SNKPH
|9 674
|
| 651 |
|
7 |
|a Poprad (Slovensko)
|2 SNKPHgeo
|9 20155
|
| 651 |
|
7 |
|a Poprad (Slovensko : okres)
|2 SNKPHgeo
|9 28675
|
| 773 |
0 |
|
|t Podtatranské noviny
|g Roč. LX, č. 29 (16.7.2019), s. 8
|x 1210-2423
|
| 852 |
|
|
|a PPPK
|b KIS3GCP
|
| 958 |
|
|
|a BX
|
| 999 |
|
|
|c 3209885
|d 3211815
|